Größte Städte in Niederösterreich mit Karte - Statistiken

Allgemein
  • Dieses Quiz wurde 149 mal gespielt
  • Das Durchschnittsergebnis liegt bei 16 aus 20
Antworten auf der Karte
Die Antworten werden auf der Karte rot bzw. grün angezeigt, abhängig davon wie oft sie richtig erraten wurden.
 
Antwortstatistiken
Einwohner Stadt % Korrekt
55.514 St. Pölten
96%
45.823 Wiener Neustadt
96%
25.958 Baden
92%
25.036 Krems an der Donau
92%
23.816 Amstetten
91%
27.500 Klosterneuburg
90%
20.564 Mödling
88%
19.570 Schwechat
88%
16.230 Tulln an der Donau
84%
11.882 Hollabrunn
83%
13.331 Korneuburg
83%
11.583 Mistelbach
83%
11.643 Gänserndorf
82%
12.721 Neunkirchen
79%
16.875 Stockerau
66%
18.758 Traiskirchen
62%
14.660 Ternitz
59%
12.126 Bad Vöslau
57%
11.401 Gerasdorf bei Wien
55%
11.600 Groß-Enzersdorf
53%
Keine übereinstimmenden Quizze gefunden
Verteilung der Resultate
Anzahl Personen mit jedem Resultat
Perzentil nach korrekt beantworteten Fragen
Ihre Resultats-Entwicklung
Sie haben dieses Quiz noch nicht gespielt